00826nam a22002177a 450000500170000001000150001702000260003203500140005803700090007208200130008124501210009425000060021526000430022127000640026430000190032870000260034770000330037394200240040699900190043095201590044920260604122456.0 aENG-148737 a9789347435928c399.00 aEN-132269 bDBAD a327.521 aRevisionists Rising China Russia Iran And North Korea In The Global Order/cEdited by Harsh V Pant [and] Rahul Rawat a1 aNew DelhibHar Anand Publicationc2026 aE-49/3, Okhla Industrial Area, Phase-II,bNew Delhie110020 a85p.c22cm(hb) aPant, Harsh VeEditor aRawat, Rahul eEditor989301 2ddccENh327.5mREV c216494d216494 001040718NFICaDBADbDBADd2026-06-04eDelivery of Books Act Divisiong399.00l0o327.5 REVpEN-132269r2026-06-04 12:21:50t 1v399.00w2026-06-04yEN